01789nam a22002297a 4500003000400000005001700004008004100021020001800062037001500080040004100095041000800136082001900144245006700163260004100230300005400271520094500325650003901270651006601309651008201375651007101457700003101528OSt20250926162243.0250926b |||||||| |||| 00| 0 eng d a9789589872000 bDonación aCO-JMCRbspa cCO-JMCRdCO-JMCRerda0 aspa04a986.152 bD35e03aEl delirio de Cali / cfotografías Miky Calero ... [et al.]. aBogotá : bQuebecor World, c2008. a[146] páginas : bilustraciones ; c22 x 31 cm.3 aSantiago de Cali es una ciudad joven, contemporánea y cosmopolita, con una presencia de la cultura de origen africano, marcada por las corrientes migratorias de procedencia campesina. La influencia de los medios de comunicación, fundamentalmente la radio, el disco y el cine, permitió la llegada a Colombia de la música antillana, la cual se transformó en un fenómeno cultural a través de los diferentes usos que las clases populares hicieron de ella. Hoy, la salsa está íntimamente ligada a nuestra ciudad, se ha convertido en un acontecimiento, y bailar es una forma de comunicarse. La salsa caleña se baila con movimientos rápidos y fuertes que proyectan el encanto y el espíritu festivo de los caleños. La edición del libro El Delirio de Cali no pretende ser una obra investigativa ni literaria, es un compendio de diversos escritos e imágenes que refieren el porqué en Cali, la salsa se baila así...14aFestivaleszCali (Colombia).2JMCR24aSantiago de Cali (Valle del Cauca, Colombia)xHistoria.2JMCR24aSantiago de Cali (Valle del Cauca, Colombia)xVida social y costumbres.2JMCR24aSantiago de Cali (Valle del Cauca, Colombia)vFotografías.2JMCR1 aCalero, Miky,efotógrafo